Managerial Economics/ (Record no. 194519)

MARC details
000 -LEADER
fixed length control field 00619nam a22001817a 4500
005 - DATE AND TIME OF LATEST TRANSACTION
control field 20221227150642.0
010 ## - LCCN (DPL NO)
LC control number ENG- 135952
020 ## - INTERNATIONAL STANDARD BOOK NUMBER
International Standard Book Number 9789354791802
Terms of availability 750.00
035 ## - SYSTEM CONTROL NUMBER
System control number EN-119484
037 ## - SOURCE OF ACQUISITION
Source of stock number/acquisition DBAD/PUB
082 ## - DEWEY DECIMAL CLASSIFICATION NUMBER
Classification number 330
100 ## - MAIN ENTRY--PERSONAL NAME
Personal name Das, Satya P
245 ## - TITLE STATEMENT
Title Managerial Economics/
Statement of responsibility, etc by Satya P. Das and J.k.Goyal
260 ## - PUBLICATION, DISTRIBUTION, ETC. (IMPRINT)
Place of publication, distribution, etc New Delhi
Name of publisher, distributor, etc Sage publications india pvt ltd
Date of publication, distribution, etc 2022
270 ## - ADDRESS
Address B1/1-1 Mohan cooperative industrial area Mathura road
City New Delhi
Postal code 110044
300 ## - PHYSICAL DESCRIPTION
Extent xxv,vp
Other physical details Appendix, Partial answers to select questions,index
Dimensions 23cm(pbk)
942 ## - ADDED ENTRY ELEMENTS (KOHA)
Source of classification or shelving scheme Dewey Decimal Classification
Item type English Books
Call number suffix DAS
Classification part 330
Holdings
Withdrawn status Lost status Not for loan Collection code Home library Current library Date acquired Source of acquisition Cost, normal purchase price Full call number Barcode Copy number Cost, replacement price Koha item type
      Non-fiction Peshwa Road Peshwa Road 27/12/2022 DBAD/PUB 750.00 330 DAS EN-119484 1 750.00 English Books

© Delhi Public Library
Hit Counter
free hit counter